Like Father, like Son :The Trinity Imaged in our Humanity (Record no. 22531)

MARC details
000 -LEADER
fixed length control field 00864cam a22002294a 4500
020 ## - INTERNATIONAL STANDARD BOOK NUMBER
ISBN 0802830668 (pbk. : alk. paper)
020 ## - INTERNATIONAL STANDARD BOOK NUMBER
ISBN 9780802830661 (pbk. : alk. paper)
082 00 - DEWEY DECIMAL CLASSIFICATION NUMBER
Classification number 231
Author Cutter SMA
100 1# - MAIN ENTRY--AUTHOR NAME
Author name Smail, Thomas Allan,
245 10 - TITLE STATEMENT
Title Like Father, like Son :The Trinity Imaged in our Humanity
260 ## - PUBLICATION, DISTRIBUTION, ETC. (IMPRINT)
Place of publication Grand Rapids, Mich. :
Name of publisher W.B. Eerdmans Pub. Co.,
Year of publication 2006.
300 ## - PHYSICAL DESCRIPTION
Number of Pages xiii, 304 p. ;
500 ## - GENERAL NOTE
General note Originally published: Paternoster Press, 2005.
505 0# - FORMATTED CONTENTS NOTE
Formatted contents note Whose image? -- Biblical image -- God's image -- Human image -- Triune image -- Marred image -- Gendered image -- Incarnate image.
650 #0 - SUBJECT ADDED ENTRY--TOPICAL TERM
Topical Term God - Biblical Teaching
-- Theological anthropology
650 #0 - SUBJECT ADDED ENTRY--TOPICAL TERM
Topical Term Trinity.
650 #0 - SUBJECT ADDED ENTRY--TOPICAL TERM
Topical Term Image of God.
650 #0 - SUBJECT ADDED ENTRY--TOPICAL TERM
Topical Term God (Christianity)
856 41 - ELECTRONIC LOCATION AND ACCESS
Uniform Resource Identifier http://www.loc.gov/catdir/toc/ecip064/2005034316.html
942 ## - ADDED ENTRY ELEMENTS (KOHA)
Koha item type Books
Holdings
Home library Current library Shelving location Date acquired Full call number Accession Number Koha item type
Henry Martyn Institute Library Henry Martyn Institute Library General stacks 11/23/2018 231 SMA 11003909 Books
Henry Martyn Institute Library Henry Martyn Institute Library General stacks 11/23/2018 231 SMA 11003910 Books
                   Copyright © 2026 | Henry Martyn Institute | Hyderabad | TS-500052 | INDIA | Implemented by hmi.edu.in
Hit-Count:

Powered by Koha